000 00388nam a2200133 a 4500
001 000039914
005 20201002033814.0
008 130729s1887 ht 000 0 spa d
040 _aDO-SdBNP
_bspa
_cBNPHU
082 _axxxx
_bxxx
245 0 0 _aLes finances D´ Haiti sous le président Salomon. :
_bla dette flottante.
260 _aHaiti :
_bdu trésor,
_c1887.
300 _a40 p. ;
_c24 cm.
999 _c39404
_d39404